The art and architecture of the ancient orient
Enregistré dans:
| Auteur principal: | |
|---|---|
| Format: | Livre |
| Langue: | anglais |
| Publié: |
Londres
Penguin Books
1970
|
| Collection: | The pelican history of art
|
| Sujets: | |
| Tags: |
Ajouter un tag
Pas de tags, Soyez le premier à ajouter un tag!
|
MARC
| LEADER | 00000nam a2200000 a 4500 | ||
|---|---|---|---|
| 001 | UCY2464 | ||
| 003 | CL-VaPUC | ||
| 008 | 941027e19700000UK |||||||||||||||||eng|d | ||
| 082 | 0 | 4 | |a 709.35 |b FRA |2 21 |
| 100 | 0 | |a Frankfort, Henri |e author |9 330494 | |
| 245 | 1 | 4 | |a The art and architecture of the ancient orient |
| 300 | |a 456 p | ||
| 942 | |c BK | ||
| 945 | |d 19941027 00:00:00 |a mfernand | ||
| 260 | |a Londres |b Penguin Books |c 1970 | ||
| 650 | 0 | |a Arte |9 265238 | |
| 650 | 0 | |a Arquitectura |9 804558 | |
| 651 | 0 | |a Medio Oriente |9 268532 | |
| 583 | |a last modification |c 19941027 00:00:00 |k Rodrigo Vera | ||
| 490 | 0 | |a The pelican history of art | |
| 999 | |c 230866 |d 230864 | ||
| 952 | |0 0 |1 0 |4 0 |6 709_350000000000000_FRA_1970 |7 0 |8 A |9 233481 |a BIBARQ |b BIBARQ |d 2019-11-15 |i 3027937 |o 709.35 FRA 1970 |p 3027937 |r 2025-01-20 |w 2019-11-15 |y BK |k ARQ | ||